Malvinas 1492-2010 : línea de tiempo (Record no. 342)
[ view plain ]
| 000 -CABECERA | |
|---|---|
| campo de control de longitud fija | 00562cam a22001932a 4500 |
| 001 - NÚMERO DE CONTROL | |
| campo de control | 000135 |
| 003 - IDENTIFICADOR DEL NÚMERO DE CONTROL | |
| campo de control | AR-FADEU |
| 008 - DATOS DE LONGITUD FIJA--INFORMACIÓN GENERAL | |
| campo de control de longitud fija | 311216n2011####xxu####################dd |
| 245 ## - MENCIÓN DE TÍTULO | |
| Título | Malvinas 1492-2010 : línea de tiempo |
| 260 ## - PUBLICACIÓN, DISTRIBUCIÓN, ETC. (PIE DE IMPRENTA) | |
| Lugar de publicación, distribución, etc. | Buenos Aires |
| 260 ## - PUBLICACIÓN, DISTRIBUCIÓN, ETC. (PIE DE IMPRENTA) | |
| Nombre del editor, distribuidor, etc. | Observatorio Malvinas. Universidad Nacional de Lanús |
| 260 ## - PUBLICACIÓN, DISTRIBUCIÓN, ETC. (PIE DE IMPRENTA) | |
| Fecha de publicación, distribución, etc. | 2011 |
| 300 ## - DESCRIPCIÓN FÍSICA | |
| Extensión | 1 |
| 300 ## - DESCRIPCIÓN FÍSICA | |
| Tipo de unidad | DVD |
| 546 ## - NOTA DE LENGUA/LENGUAJE | |
| Nota de lengua/lenguaje | español |
| 500 ## - NOTA GENERAL | |
| Nota general | Este material acompaña y forma parte del Manual Malvinas en la Historia. Una perspectiva suramericana |
| 650 ## - PUNTO DE ACCESO ADICIONAL DE MATERIA--TÉRMINO DE MATERIA | |
| Término de materia o nombre geográfico como elemento inicial | ISLAS MALVINAS |
| 942 ## - ELEMENTOS DE PUNTO DE ACCESO ADICIONAL (KOHA) | |
| Tipo de ítem Koha | VIDEO |
| Estado de retiro | Estado de pérdida | Estado dañado | No para préstamo | Localización permanente | Ubicación/localización actual | Fecha de adquisición | Número de inventario | Total de préstamos | Código de barras | Fecha visto por última vez | Precio válido a partir de | Tipo de ítem Koha |
|---|---|---|---|---|---|---|---|---|---|---|---|---|
| Biblioteca Ernesto Sabato - FADECS - UNCOMA | Biblioteca Ernesto Sabato - FADECS - UNCOMA | 27/12/2016 | V174 | V174 | 27/12/2016 | 27/12/2016 | VIDEO |